000 00816nab a2200157 4500
003 ES-SlBCS
005 20220907161510.0
008 170406s2015 rm ||||| |||| 00| 0 rum d
040 _aES-SlBCS
_bspa
100 1 _aGelan, Victor Eugen
_9408333
245 1 0 _aDe la lumea naturala la constiinta transcendentala
_b: rolul si importanta reductiei fenomenologice în cadrul proiectului filosofic husserlian al "Ideilor I"
_cVictor Eugen Gelan
246 1 1 _aFrom the natural world to the transcendental counsciousness
_b: the role and the importance of the phenomenological reduction in Husserl's philosophical project of "Ideas I"
600 0 _aHusserl, Edmund
_d, 1859-1938
_xCrítica e interpretación
_9120926
773 0 _gVol. 62, Nº 5, 2015, págs. 615-634
_tRevista de Filosofie
_wRev952
_x0034-8260
942 _2lcc
_cAR
999 _c861678
_d861678